Capital mobility in neoclassical models of growth (Registro nro. 28093)

Detalles MARC
000 -LEADER
fixed length control field 00416 a2200133 4500
001 - CONTROL NUMBER
control field ART_46297
005 - DATE AND TIME OF LATEST TRANSACTION
control field 20260410161925.0
008 - FIXED-LENGTH DATA ELEMENTS--GENERAL INFORMATION
fixed length control field 260409a
100 1# - MAIN ENTRY--PERSONAL NAME
Personal name Barro, Robert J.
245 10 - TITLE STATEMENT
Title Capital mobility in neoclassical models of growth
700 1# - ADDED ENTRY--PERSONAL NAME
Personal name Mankiw, N. Gregory
700 1# - ADDED ENTRY--PERSONAL NAME
Personal name Sala-i-Martin, Xavier
773 0# - HOST ITEM ENTRY
Title The American Economic Review
Related parts - Vol. 85, Nº 1 (mar. 1995)
Record control number REV16190

No hay ítems disponibles.